书目信息 |
| 题名: |
陈毅交往纪实
|
|
| 作者: | 于俊道 主编 | |
| 分册: | ||
| 出版信息: | 北京 中国社会科学出版社 2015 |
|
| 页数: | 295页 | |
| 开本: | 24cm | |
| 丛书名: | 红色阅读 | |
| 单 册: | ||
| 中图分类: | K825.2=73 | |
| 科图分类: | ||
| 主题词: | ||
| 电子资源: | ||
| ISBN: | 978-7-5161-5807-4 | |
| 000 | 00966oam2 2200265 450 | |
| 001 | 012001002579 | |
| 005 | 20140926114740.0 | |
| 010 | @a978-7-5161-5807-4@dCNY58.00 | |
| 100 | @a20151126d2015 em y0chiy50 ea | |
| 101 | 0 | @achi |
| 102 | @aCN@b110000 | |
| 105 | @ay z 000yd | |
| 106 | @ar | |
| 200 | 1 | @a陈毅交往纪实@9chen yi jiao wang ji shi@f于俊道主编 |
| 210 | @a北京@c中国社会科学出版社@d2015 | |
| 215 | @a295页@d24cm | |
| 225 | 2 | @a红色阅读@i元帅交往实录 |
| 330 | @a本书用历史细节和鲜为人知的生活故事再现了陈毅与毛泽东、周恩来、朱德、邓小平、黄炎培、傅作义、荥毅仁、粟裕、张元济、饶漱石等人的交往经历。从个人命运到历史风云,还原共和国元帅的真实样貌,展现跌宕起伏的传奇人生,讲述一代伟人的悲欢离合。 | |
| 461 | 0 | @12001 @a红色阅读 |
| 462 | 0 | @12001 @a元帅交往实录 |
| 600 | 0 | @a陈毅@f(1901-1972)@x生平事迹 |
| 690 | @aK825.2=73@v5 | |
| 701 | 0 | @a于俊道@9yu jun dao@4主编 |
| 801 | 0 | @aCN@b上海新华@c20180901 |
| 905 | @b1158260-4@dK825.2=73@e1174@f5 | |
| 陈毅交往纪实/于俊道主编.-北京:中国社会科学出版社,2015 |
| 295页;24cm.-(红色阅读.元帅交往实录) |
| ISBN 978-7-5161-5807-4:CNY58.00 |
| 本书用历史细节和鲜为人知的生活故事再现了陈毅与毛泽东、周恩来、朱德、邓小平、黄炎培、傅作义、荥毅仁、粟裕、张元济、饶漱石等人的交往经历。从个人命运到历史风云,还原共和国元帅的真实样貌,展现跌宕起伏的传奇人生,讲述一代伟人的悲欢离合。 |
| ● |
| 相关链接 |
|
|
|
|
正题名:陈毅交往纪实
索取号:K825.2=73/1174
 
预约/预借
| 序号 | 登录号 | 条形码 | 馆藏地/架位号 | 状态 | 备注 |
| 1 | 1158260 | 211582606 | 第二样本阅览室/ [索取号:K825.2=73/1174] | 在馆 | |
| 2 | 1158261 | 211582615 | 密集书库-史法系/ [索取号:K825.2=73/1174] | 在馆 | |
| 3 | 1158262 | 211582624 | 第二借阅区/ [索取号:K825.2=73/1174] | 在馆 | |
| 4 | 1158263 | 211582633 | 第二借阅区/ [索取号:K825.2=73/1174] | 在馆 | |
| 5 | 1158264 | 211582642 | 第二借阅区/ [索取号:K825.2=73/1174] | 在馆 |